Joaquin Phoenix Movies by Picture - Statistics

General Stats
  • This quiz has been taken 118 times
  • The average score is 7 of 16
Answer Stats
Picture Answer % Correct
Joker
97%
Gladiator
91%
Napoleon
82%
Her
74%
Walk the Line
63%
Brother Bear
58%
Signs
43%
The Village
31%
Hotel Rwanda
28%
Beau Is Afraid
22%
The Master
22%
Parenthood
13%
I'm Still Here
12%
Ladder 49
12%
C'mon C'mon
10%
Inherent Vice
6%
No matching quizzes found
Score Distribution
Percent of People with Each Score
Percentile by Number Answered
Your Score History
You have not taken this quiz